00538nam a2200181 a 45000010010000000030011000100080041000210350026000620820014000881000019001022450030001212600054001516500013002059420012002189520091002309980020003219990015003410000-8838ELIB.Books110520 1976  a(ELIB.Books)0000-8984 a230 bStr aStrolz, Walter aThree Ways to the one God bNew York: The Crossroad Publishing Company c1976 aTheology 2ddccBK 00102ddc4070aKBTSbKBTSd2011-05-20l0p11709r2022-01-22 00:00:00w2022-01-22yBK cbate2011-05-20 c8838d8838